000 00392nam a2200133 a 4500
005 20140414093834.0
008 030610s19uu xx 00 eng d
050 _aCDR 050
_bNAT 1997
245 _aNational geographic :
_bthe '50s.
500 _a3 CD's inside January 1950-April 1953/May1953-August 1956/Sept.1956-December 1959
650 _aPeriodicals.
942 _cAVM
999 _c108888
_d108888